True spirituality. (Record no. 16081)

000 -LEADER
fixed length control field 00497nam a2200169 a 4500
001 - CONTROL NUMBER
control field :::00018705$&:&@@
003 - CONTROL NUMBER IDENTIFIER
control field OkBaRHE
005 - DATE AND TIME OF LATEST TRANSACTION
control field 20001127151708.0
008 - FIXED-LENGTH DATA ELEMENTS--GENERAL INFORMATION
fixed length control field s1971 j 000 0 eng u
040 ## - CATALOGING SOURCE
Transcribing agency
100 1# - MAIN ENTRY--PERSONAL NAME
Personal name Schaeffer, Francis A.
245 10 - TITLE STATEMENT
Title True spirituality.
260 ## - PUBLICATION, DISTRIBUTION, ETC. (IMPRINT)
Place of publication, distribution, etc Wheaton, Illinois
Name of publisher, distributor, etc Tyndale House Publishers
Date of publication, distribution, etc 1971
300 ## - PHYSICAL DESCRIPTION
Extent 180 p.
942 ## - ADDED ENTRY ELEMENTS (KOHA)
Source of classification or shelving scheme
Koha item type Books
Copies
Price effective from Date last seen Full call number Copy number Withdrawn status Source of classification or shelving scheme Barcode Date acquired Shelving location Lost status Not for loan Koha item type Permanent Location Damaged status
2010-04-142010-04-14BV 4501 .S2851  187052010-04-14General Stacks  BooksRHEMA Bible Training College